000 00399nam a2200181Ia 4500
005 20260414125046.0
020 _a9780323476683
050 _aRB 120 .G65/
100 _aEdited by Edward F. Goljan
245 0 _aRapid review pathology
250 _a5th ed.
260 _aPhiladelphia
260 _bElsevier
260 _c2019
300 _a771 p
650 _aPhiladelphia
942 _cBK
_2lcc
999 _c42432
_d42432